| 000 | 00621nam a2200217 a 4500 | ||
|---|---|---|---|
| 005 | 20210219153254.0 | ||
| 008 | 991125n 000 0 u | ||
| 035 | _aUPN01000087757 | ||
| 100 | _aJackson, Sally | ||
| 222 | _aCOMMUNICATION MONOGRAPHS | ||
| 245 | _aMeta-analysis for primary and secondary data analysis : the super-experiment metaphor | ||
| 300 | _a449-462 | ||
| 362 | _a58, No. 4, 1991 | ||
| 505 | _aMayo 1992 | ||
| 653 | 0 | _aANALISIS DE VARIANZA | |
| 653 | 0 | _aINVESTIGACION | |
| 653 | 0 | _aMETA ANALISIS | |
| 653 | 0 | _aMETODOLOGIA DE LA INVESTIGACION | |
| 904 |
_aAC _b025568 |
||
| 905 | _aArticulo | ||
| 999 |
_c72693 _d72693 |
||